Top 31 Most Popular Candy Bars - Statistics

General Stats
  • This quiz has been taken 126 times
  • The average score is 10 of 31
Answer Stats
# Candy Bar % Correct
1 Snickers
92%
3 Kit Kat
79%
2 Reese's
77%
6 Hershey's
76%
5 Twix
75%
4 Milky Way
73%
9 3 Musketeers
56%
7 Almond Joy
56%
8 Butterfinger
55%
12 M&M's
47%
17 100 Grand
42%
11 PayDay
42%
10 Baby Ruth
37%
19 Mr. Goodbar
26%
26 York
22%
27 Cadbury
21%
29 Rolo
21%
14 Toblerone
20%
20 Whatchamacallit
20%
21 Zero
17%
24 Heath Bar
15%
13 Crunch Bar
14%
16 Charleston Chew
13%
18 Skor
12%
31 Kinder Bueno
7%
15 Clark Bar
4%
30 Bit-O-Honey
2%
28 Dove Chocolate
2%
25 Hershy's
2%
22 Reese's Fast Break
1%
23 Reese's Take 5
1%
No matching quizzes found
Score Distribution
Percent of People with Each Score
Percentile by Number Answered
Your Score History
You have not taken this quiz